| 000 | 00972nam a2200229Ia 4500 | ||
|---|---|---|---|
| 001 | L262-20080 | ||
| 003 | IT-CnALBA | ||
| 008 | 170116s9999||||xx |||||||||||||| ||und|| | ||
| 040 |
_aIT-CnALBA _cIT-CnALBA |
||
| 041 | _aITALIANO | ||
| 100 | _aGIORDANI IGINO | ||
| 245 | 0 | _aS. PIETRO PRIMO PAPA. | |
| 250 | _a2a ed. | ||
| 260 |
_a ROMA _bVERBUM EDITRICE LIBRARIA _c1943 [1° Ed.: n.d.] |
||
| 300 | _a110 p. | ||
| 500 | _aPIETRO PIETRA NEI VANGELI. MATTEO. PADRI. RINNEGAMENTO. CHIESA DEGLI APOSTOLI. INFALLIBILITÀ DI PIETRO. PASTORE DELLA CHIESA. VESCOVO DI ROMA. ATTRAZIONE DI PIETRO. | ||
| 501 | _aSocietà San Paolo EM - Piazza San Paolo, 14 - 12051 ALBA (CN) (non commercial uses only) ® Copyright 2017 | ||
| 520 | _aPIETRO PIETRA NEI VANGELI. MATTEO. PADRI. RINNEGAMENTO. CHIESA DEGLI APOSTOLI. INFALLIBILITÀ DI PIETRO. PASTORE DELLA CHIESA. VESCOVO DI ROMA. ATTRAZIONE DI PIETRO. | ||
| 650 | _aECCLESIOLOGIA | ||
| 942 | _cBK | ||
| 957 | _71 | ||
| 999 |
_a24819 _bSI _g Copie: 1 _c279200 _d279200 |
||